Multiple Choice City Quiz – Kyoto - Statistics

General Stats
  • This quiz has been taken 385 times
  • The average score is 4 of 10
Answer Stats
Question Answer % Correct
What is Kyoto known as in Japan? The "City of Temples"
59%
The "Kyoto Protocol" is associated with which global environmental issue? Climate change
52%
Kyoto is home to the Imperial Palace of Japan. What was its role in Japan's history? The emperor's official residence
49%
Kyoto is located on which main island of Japan? Honshu
42%
Which of these companies has its headquarter in Kyoto? Nintendo
38%
Kyoto was the capital of Japan for how many years? 1000 years
37%
What is the name of the large Buddhist temple in Kyoto that is famous for its wooden stage and beautiful views? Kiyomizu-dera
35%
Which river flows through Kyoto? Kamo River
26%
Kyoto is also known for which type of traditional Japanese craft? Pottery
24%
Which of these places isn't found in Kyoto?
23%
No matching quizzes found
Score Distribution
Percent of People with Each Score
Percentile by Number Answered
Your Score History
You have not taken this quiz